000 00558nam a2200193Ia 4500
005 20250508164939.0
008 008 250505s9999 xx 000 0 eng d
037 _aDissertations
040 _aFEDL
_beng
_cFEDL
041 _aeng
_2eng
084 _a375.54, SIN/DI
_qFEDL
100 _aSingh Vijay Pal
245 0 _aCritical appraisal of the new syllabus in chemistry at +2 level
260 _c1992
300 _a65p.
546 _aM.Ed. Dissertation (Delhi University)
942 _cDIS
_h375.54, SIN/DI
999 _c1392204
_d1392204